<The> Impact of the financial crisis on the capital market in the V4 countries

Priblíženie dopadu finančnej krízy na kapitálové trhy v krajinách V4 počas rokov 2008-2012. Štatistická analýza vývoja finančných trhov v krajinách V4.

Saved in:
Bibliographic Details
Main Author: Hudec, Martin
Format: Book Chapter
Language:English
Subjects:
Tags: Add Tag
No Tags, Be the first to tag this record!

MARC

LEADER 00000naa$a2200000$$$4500
001 0224170
005 20240502083557.8
041 0 |a eng 
044 |a CZ 
245 1 0 |a <The> Impact of the financial crisis on the capital market in the V4 countries  |c Martin Hudec 
520 |a Priblíženie dopadu finančnej krízy na kapitálové trhy v krajinách V4 počas rokov 2008-2012. Štatistická analýza vývoja finančných trhov v krajinách V4. 
610 2 0 |a trh finančný 
610 2 0 |a trh kapitálový 
610 2 0 |a Vyšehradská štvorka 
610 2 0 |a kríza finančná 
100 1 |a Hudec, Martin